Avatar the Last Airbender Quiz - Statistics

General Stats
  • This quiz has been taken 934 times
    853 since last reset
  • The average score is 14 of 16
Answer Stats
Hint Answer % Correct
What element can Toph bend? Earth
100%
What element can Zuko bend? Fire
99%
What element can Katara bend? Water
99%
What is Aang? The Avatar
97%
What is his sky bison's name? Appa
96%
What did Toph invent? Metal bending
94%
Does Aang kill Fire Lord Ozai in the last episode? No
94%
What does Uncle Iroh love to drink? Tea
93%
What is Zuko's sisters name? Azula
92%
What is his lemurs name? Momo
90%
What weapon did Sokka master? Sword
88%
What group is Iroh apart of? The White Lotus
87%
Who is Zuko's girlfriend? Mai
86%
Who can chi-block? Ty-Lee
74%
What did Fire Lord Ozai call himself at the end of Book 3? The Phoenix King
56%
What game does the White Lotus play? Pai Sho
54%
No matching quizzes found
Score Distribution
Percent of People with Each Score
Percentile by Number Answered
Your Score History
You have not taken this quiz since the last reset